<?xml version="1.0" encoding="UTF-8"?>
<collection xmlns="http://www.loc.gov/MARC21/slim">
 <record>
  <leader>02081nam a22003377a 4500</leader>
  <controlfield tag="001">34264</controlfield>
  <controlfield tag="003">BD-DhAAL</controlfield>
  <controlfield tag="005">20211124133041.0</controlfield>
  <controlfield tag="008">190204t20171997enka|||| |||| 00| 0 eng d</controlfield>
  <datafield tag="999" ind1=" " ind2=" ">
   <subfield code="c">40321</subfield>
   <subfield code="d">40321</subfield>
  </datafield>
  <datafield tag="020" ind1=" " ind2=" ">
   <subfield code="a">9781612680194</subfield>
  </datafield>
  <datafield tag="040" ind1=" " ind2=" ">
   <subfield code="a">BD-DhAAL</subfield>
  </datafield>
  <datafield tag="082" ind1=" " ind2=" ">
   <subfield code="2">23</subfield>
   <subfield code="a">332.024</subfield>
  </datafield>
  <datafield tag="100" ind1=" " ind2=" ">
   <subfield code="a">Kiyosaki,  Robert T.</subfield>
   <subfield code="9">29862</subfield>
  </datafield>
  <datafield tag="245" ind1=" " ind2=" ">
   <subfield code="a">Rich dad poor dad :</subfield>
   <subfield code="b">with updates for today's world--and 9 new study session sections /</subfield>
   <subfield code="c">Robert T Kiyosaki</subfield>
  </datafield>
  <datafield tag="246" ind1=" " ind2=" ">
   <subfield code="a">Rich dad poor dad</subfield>
  </datafield>
  <datafield tag="250" ind1=" " ind2=" ">
   <subfield code="a">20th Anniversary edition</subfield>
  </datafield>
  <datafield tag="260" ind1=" " ind2=" ">
   <subfield code="a">Scottsdale, AZ :</subfield>
   <subfield code="b">Plata Publishing,</subfield>
   <subfield code="c">2017.</subfield>
  </datafield>
  <datafield tag="300" ind1=" " ind2=" ">
   <subfield code="a">xi, 352 pages :</subfield>
   <subfield code="b">illustrations ;</subfield>
   <subfield code="c">23 cm.</subfield>
  </datafield>
  <datafield tag="505" ind1=" " ind2=" ">
   <subfield code="a">20 years... 20/20 hindsight --
Introduction --
Lesson 1: The rich don't work for money --
Lesson 2: Why teach financial literacy? --
Lesson 3: Mind your own business --
Lesson 4: The history of taxes and the power of corporations --
Lesson 5: The rich invent money --
Lesson 6: Work to learn, don't work for money --
Overcoming obstacles --
Getting started --
Still want more? Here are some to do's --
Final thoughts.</subfield>
  </datafield>
  <datafield tag="520" ind1=" " ind2=" ">
   <subfield code="a">Taking to heart the message that the poor and middle class work for money, but the rich have money work for them, the author lays out a financial philosophy based on the principle that income-generating assets always provide healthier bottom-line results.</subfield>
  </datafield>
  <datafield tag="526" ind1=" " ind2=" ">
   <subfield code="a">ENH</subfield>
  </datafield>
  <datafield tag="541" ind1=" " ind2=" ">
   <subfield code="a">Hye Trade International</subfield>
   <subfield code="e">34264, 34265</subfield>
  </datafield>
  <datafield tag="650" ind1=" " ind2=" ">
   <subfield code="a">Finance, Personal.</subfield>
   <subfield code="9">29863</subfield>
  </datafield>
  <datafield tag="650" ind1=" " ind2=" ">
   <subfield code="a">Investments.</subfield>
   <subfield code="9">29864</subfield>
  </datafield>
  <datafield tag="650" ind1=" " ind2=" ">
   <subfield code="a">Rich people.</subfield>
   <subfield code="9">29865</subfield>
  </datafield>
  <datafield tag="650" ind1=" " ind2=" ">
   <subfield code="a">English language.</subfield>
   <subfield code="9">43102</subfield>
  </datafield>
  <datafield tag="852" ind1=" " ind2=" ">
   <subfield code="a">Ayesha Abed Library</subfield>
   <subfield code="c">General Stacks</subfield>
  </datafield>
  <datafield tag="942" ind1=" " ind2=" ">
   <subfield code="2">ddc</subfield>
   <subfield code="c">BK</subfield>
  </datafield>
  <datafield tag="952" ind1=" " ind2=" ">
   <subfield code="0">0</subfield>
   <subfield code="1">0</subfield>
   <subfield code="2">ddc</subfield>
   <subfield code="4">0</subfield>
   <subfield code="6">332_024000000000000_KIY</subfield>
   <subfield code="7">0</subfield>
   <subfield code="9">64995</subfield>
   <subfield code="a">BRACUL</subfield>
   <subfield code="b">BRACUL</subfield>
   <subfield code="c">GEN</subfield>
   <subfield code="d">2019-01-30</subfield>
   <subfield code="e">Hye Trade International</subfield>
   <subfield code="g">488.00</subfield>
   <subfield code="l">24</subfield>
   <subfield code="m">198</subfield>
   <subfield code="o">332.024 KIY</subfield>
   <subfield code="p">3010034265</subfield>
   <subfield code="q">2026-05-21</subfield>
   <subfield code="r">2026-05-10</subfield>
   <subfield code="s">2026-05-10</subfield>
   <subfield code="t">2</subfield>
   <subfield code="v">488.00</subfield>
   <subfield code="w">2019-01-30</subfield>
   <subfield code="y">BK</subfield>
  </datafield>
  <datafield tag="952" ind1=" " ind2=" ">
   <subfield code="0">0</subfield>
   <subfield code="1">0</subfield>
   <subfield code="2">ddc</subfield>
   <subfield code="4">0</subfield>
   <subfield code="6">332_024000000000000_KIY</subfield>
   <subfield code="7">0</subfield>
   <subfield code="9">64996</subfield>
   <subfield code="a">BRACUL</subfield>
   <subfield code="b">BRACUL</subfield>
   <subfield code="c">GEN</subfield>
   <subfield code="d">2019-01-30</subfield>
   <subfield code="e">Hye Trade International</subfield>
   <subfield code="g">488.00</subfield>
   <subfield code="l">16</subfield>
   <subfield code="m">76</subfield>
   <subfield code="o">332.024 KIY</subfield>
   <subfield code="p">3010034264</subfield>
   <subfield code="q">2025-10-08</subfield>
   <subfield code="r">2024-12-09</subfield>
   <subfield code="s">2024-12-09</subfield>
   <subfield code="t">1</subfield>
   <subfield code="v">488.00</subfield>
   <subfield code="w">2019-01-30</subfield>
   <subfield code="y">BK</subfield>
  </datafield>
 </record>
</collection>
